000 00634ntaaa2200205 4500
003 01
005 20251027200705.0
008 0714s1973 ag 01
040 _aAR-BaBN
_bspa
_cAR-BaBN
_eaacr
_dRIC
082 _a230.09 M96
100 _aMurray, A.Victor
_93139
245 _aPersonal experience and the historic faith /
_cA.Victor Murray
250 _a1 ed.
260 _aLondon :
_bEpworth Press,
_c1939,1954
300 _a304 p ;
_crevisada
500 _aensayo de teología histórica sobre la experiencia personal y la fe histórica
650 _aTeologia-Historia
650 _aHistoria de las Doctrinas
_91232
942 _cBK
999 _c1416
_d1416